La política agrícola en la crisis centroamericana /
El artículo trata la problemática de la política agraria en Centroamérica en época de crisis. Se examinan varias de las políticas que se han venido aplicando en la región y se analizan los efectos de tales políticas agrarias sobre el sector agropecuario, especialmente a partir de la crisis económica...
में बचाया:
| मुख्य लेखक: | |
|---|---|
| स्वरूप: | मूलपाठ |
| भाषा: | Spanish |
| विषय: | |
| टैग: |
टैग जोड़ें
कोई टैग नहीं, इस रिकॉर्ड को टैग करने वाले पहले व्यक्ति बनें!
|
MARC
| LEADER | 00000 a a2200000 04500 | ||
|---|---|---|---|
| 001 | 7852 | ||
| 003 | cru CRAI/IIS | ||
| 005 | 20210519162449.0 | ||
| 008 | 210519b |||||||| |||| 00| 0 spa d | ||
| 040 | |c cru CRAI/IIS | ||
| 100 | 1 | |a Fallas Venegas, Helio | |
| 245 | 1 | 3 | |a La política agrícola en la crisis centroamericana / |c Helio Fallas Venegas |
| 500 | |a Colección Centroamérica | ||
| 520 | |a El artículo trata la problemática de la política agraria en Centroamérica en época de crisis. Se examinan varias de las políticas que se han venido aplicando en la región y se analizan los efectos de tales políticas agrarias sobre el sector agropecuario, especialmente a partir de la crisis económica que se presentó a inicios de la década de los ochenta. Además, se estudia la situación económica internacional y su influencia en la economía de esta región, el impacto de la recesión económica centroamericana, la política económica y el sector agropecuario, al igual que diferentes políticas aplicadas: fiscal, cambiaria, crediticia, y el desarrollo de las exportaciones. Otros aspectos que analiza son: la comercialización, la tecnología agropecuaria, la tenencia de la tierra |a finalizando el trabajo con una serie de conclusiones sobre los aspectos tratados. LOB/mb | ||
| 650 | |a POLITICA AGRARIA | ||
| 650 | |a CRISIS ESTRUCTURAL | ||
| 650 | |a ECONOMIA INTERNACIONAL | ||
| 650 | |a CRECIMIENTO ECONOMICO | ||
| 650 | |a RECESION ECONOMICA | ||
| 650 | |a SECTOR AGROPECUARIO | ||
| 650 | |a POLITICA ECONOMICA | ||
| 650 | |a PRODUCTO INTERNO BRUTO | ||
| 650 | |a POLITICA CREDITICIA | ||
| 650 | |a EXPORTACIONES | ||
| 650 | |a COMERCIALIZACION | ||
| 650 | |a DEFICIT | ||
| 650 | |a PRODUCTO INTERNO BRUTO | ||
| 650 | |a PRECIOS | ||
| 650 | |a COMERCIO EXTERIOR | ||
| 650 | |a DEUDA EXTERNA | ||
| 650 | |a EXPORTACIONES | ||
| 650 | |a POBREZA | ||
| 650 | |a DESEMPLEO | ||
| 650 | |a SECTOR AGROPECUARIO | ||
| 650 | |a PRODUCTOS AGROPECUARIOS | ||
| 773 | |g número 45; páginas 70-99 | ||
| 773 | 0 | |0 18875 |9 5300 |a Universidad de Costa Rica. |d San José, Costa Rica: Universidad de Costa Rica. Consejo Superior Universitario Centroamericano, 1972- |o 14673 |t Estudios Sociales Centroamericanos / |x 03039676 | |
| 942 | |2 ddc |c PP | ||
| 999 | |c 29719 |d 29719 | ||
